[Event "Gran Canaria Vecindario op 1st"]
[Site "Gran Canaria"]
[Date "2023.11.05"]
[Round "7"]
[White "Arnaiz Yanes, Miguel Angel"]
[Black "Cruz Ramirez, Nauzet"]
[Result "0-1"]
[WhiteElo "1792"]
[BlackElo "1976"]
[PlyCount "53"]
[EventDate "2023.11.04"]
[EventType "swiss"]
[EventRounds "9"]
[EventCountry "ESP"]
[SourceTitle "CB46_2023"]
[SourceDate "2023.11.15"]
[SourceVersion "1"]
[SourceVersionDate "2023.11.15"]
[SourceQuality "1"]

1. d4 Nf6 2. Nf3 e6 3. Bg5 Be7 4. e3 b6 5. Bd3 Bb7 6. Nbd2 d5 7. c3 Ne4 8. Bxe7 Qxe7 9. Qc2 f5 10. Ne5 0-0 11. f3 Qh4+ 12. Kd1 Nf2+ 13. Ke2 Nxh1 14. Rxh1 Nc6 15. g3 Qh5 16. Kf2 Nxe5 17. dxe5 c5 18. Be2 Qf7 19. h4 Rac8 20. Qa4 Bc6 21. Qf4 b5 22. Nb3 Qe7 23. h5 Be8 24. Rd1 Bxh5 25. Bxb5 c4 26. Nd4 g5 27. Nb3 0-1

[Event "Gran Canaria Vecindario op 1st"]
[Site "Gran Canaria"]
[Date "2023.11.05"]
[Round "8"]
[White "Cruz Ramirez, Nauzet"]
[Black "Uzcategui Rodriguez, Alejandro"]
[Result "0-1"]
[WhiteElo "1976"]
[BlackElo "2156"]
[PlyCount "100"]
[EventDate "2023.11.04"]
[EventType "swiss"]
[EventRounds "9"]
[EventCountry "ESP"]
[SourceTitle "CB46_2023"]
[SourceDate "2023.11.15"]
[SourceVersion "1"]
[SourceVersionDate "2023.11.15"]
[SourceQuality "1"]

1. d4 e6 2. c4 f5 3. g3 Nf6 4. Bg2 Be7 5. Nh3 d6 6. 0-0 0-0 7. Nc3 c6 8. Nf4 e5 9. dxe5 dxe5 10. Nd3 e4 11. Nf4 Qxd1 12. Rxd1 g5 13. Nh3 h6 14. f3 exf3 15. exf3 Be6 16. Bf1 Nbd7 17. Re1 Rae8 18. Be3 Ne5 19. Kg2 Bxc4 20. Bxa7 Bxf1+ 21. Rxf1 Bb4 22. Bd4 Nc4 23. Rf2 Rd8 24. Ne2 Nd5 25. Rc1 Nde3+ 26. Kh1 Bd2 27. Rb1 Nc2 28. Bc3 Be3 29. Rg2 Bb6 30. Neg1 N2e3 31. Re2 Nd5 32. Re6 Nxc3 33. bxc3 Bxg1 34. Nxg1 Rd6 35. Rxd6 Nxd6 36. Ne2 Re8 37. Nd4 Re3 38. Kg2 Rxc3 39. h4 Rd3 40. Ne6 Rd2+ 41. Kh3 Kf7 42. Nd8+ Kg6 43. Nxb7 Nf7 44. Re1 Kf6 45. Nc5 Ne5 46. g4 Rc2 47. hxg5+ hxg5 48. Nb3 Nxf3 49. Rf1 Rc3 50. Kg2 Nh4+ 0-1

[Event "ESP-ch 88th"]
[Site "Marbella"]
[Date "2023.10.21"]
[Round "9"]
[White "Mohamed Garcia, Ismael"]
[Black "Cruz Ramirez, Nauzet"]
[Result "1/2-1/2"]
[WhiteElo "1848"]
[BlackElo "2132"]
[PlyCount "110"]
[EventDate "2023.10.13"]
[EventType "swiss"]
[EventRounds "9"]
[EventCountry "ESP"]
[SourceTitle "Mega2024 Update 01"]
[Source "Chessbase"]
[SourceDate "2023.11.12"]
[SourceVersion "1"]
[SourceVersionDate "2023.11.12"]
[SourceQuality "1"]

1. d4 e6 2. Bf4 f5 3. e3 Nf6 4. h3 b6 5. Be2 Bb7 6. Bf3 d5 7. Nc3 a6 8. a3 Bd6 9. Bxd6 cxd6 10. g4 Ne4 11. gxf5 exf5 12. Bxe4 dxe4 13. Qh5+ g6 14. Qh6 Nd7 15. Qg7 Qf6 16. Qxf6 Nxf6 17. Nge2 Kd7 18. Na4 Kc7 19. c4 g5 20. h4 h6 21. hxg5 hxg5 22. Kd2 Ng4 23. Rag1 Bc6 24. Nac3 Raf8 25. d5 Bd7 26. Ke1 Ne5 27. Nd4 Nd3+ 28. Ke2 g4 29. b3 Rfg8 30. Rxh8 Rxh8 31. Kf1 Kd8 32. Kg2 Ke7 33. a4 Kf6 34. a5 bxa5 35. Nce2 a4 36. Ra1 Rc8 37. Nc3 axb3 38. Nxb3 Rxc4 39. Ne2 Ra4 40. Rh1 Ra2 41. Nbd4 Ra3 42. Rh7 Ba4 43. Rh5 Bd7 44. Rh7 Ne5 45. Nf4 Nf7 46. Nde6 Rc3 47. Nh5+ Kg6 48. Rg7+ Kxh5 49. Rxf7 Bxe6 50. dxe6 Kg6 51. Rf8 Rc7 52. Rd8 Kf6 53. Rxd6 Re7 54. Rxa6 Rxe6 55. Ra8 Re8 1/2-1/2

[Event "ESP-ch 88th"]
[Site "Marbella"]
[Date "2023.10.18"]
[Round "6"]
[White "Cruz Ramirez, Nauzet"]
[Black "Arce Gonzalez, Dario"]
[Result "0-1"]
[WhiteElo "2132"]
[BlackElo "1954"]
[PlyCount "70"]
[EventDate "2023.10.13"]
[EventType "swiss"]
[EventRounds "9"]
[EventCountry "ESP"]
[SourceTitle "Mega2024 Update 01"]
[Source "Chessbase"]
[SourceDate "2023.11.12"]
[SourceVersion "1"]
[SourceVersionDate "2023.11.12"]
[SourceQuality "1"]

1. d4 d5 2. c4 e6 3. Nc3 h6 4. Bf4 Bd6 5. Bxd6 Qxd6 6. e3 Nf6 7. Qc2 a6 8. Rd1 0-0 9. c5 Qe7 10. f4 b6 11. b4 a5 12. a3 axb4 13. axb4 bxc5 14. bxc5 Ng4 15. Qe2 f5 16. Qf3 Ra3 17. Rc1 Ba6 18. Bxa6 Nxa6 19. Nge2 Rb8 20. 0-0 Rbb3 21. Ra1 Nb4 22. Rxa3 Rxa3 23. h3 Nf6 24. Rb1 Nc6 25. Qf1 Na5 26. Qc1 Nc4 27. Rb4 Ra8 28. Nd1 Ne4 29. Nb2 Qh4 30. Nxc4 Qf2+ 31. Kh2 Qxe2 32. Ne5 Ra2 33. Qg1 Nd2 34. Kh1 Nf1 35. Rb3 Ra1 0-1

[Event "ESP-ch 83rd"]
[Site "Linares"]
[Date "2018.08.28"]
[Round "9"]
[White "Cruz Ramirez, Nauzet"]
[Black "Alvarez Fernandez, Enrique"]
[Result "0-1"]
[WhiteElo "2037"]
[BlackElo "2324"]
[PlyCount "116"]
[EventDate "2018.08.20"]
[EventType "swiss"]
[EventRounds "9"]
[EventCountry "ESP"]
[SourceTitle "CBM 186 Extra"]
[Source "ChessBase"]
[SourceDate "2018.08.24"]
[SourceVersion "1"]
[SourceVersionDate "2018.08.24"]
[SourceQuality "1"]

1. Nf3 d5 2. g3 c6 3. Bg2 Nf6 4. 0-0 Bf5 5. d4 e6 6. b3 Nbd7 7. Bb2 Be7 8. Nbd2 Ne4 9. Nxe4 Bxe4 10. Nd2 Bxg2 11. Kxg2 0-0 12. e4 dxe4 13. Nxe4 Nf6 14. Qe2 Nxe4 15. Qxe4 Bf6 16. Rfd1 Qa5 17. Rd3 Rfd8 18. a4 Rd7 19. Rad1 Rad8 20. Ba3 Qd5 21. Kf3 Qh5+ 22. Kg2 Qa5 23. Bc5 Rd5 24. c3 R5d7 25. Kf3 g6 26. h4 Bg7 27. Kg2 Qc7 28. c4 h5 29. Ba3 Qa5 30. Bc1 Bf6 31. Be3 Kg7 32. Qf3 Qf5 33. Qxf5 gxf5 34. Kf3 e5 35. Ke2 exd4 36. Kf3 c5 37. Bf4 Re8 38. a5 Re6 39. Rb1 Ra6 40. Bd2 Bd8 41. Re1 Bxa5 42. Bxa5 Rxa5 43. Re5 f6 44. Rxf5 Kg6 45. g4 hxg4+ 46. Kxg4 b6 47. h5+ Kf7 48. Rff3 Ra1 49. Rh3 Rg1+ 50. Kf4 Rg5 51. Ke4 Re7+ 52. Kf4 Kg7 53. b4 cxb4 54. Rxd4 Rc7 55. h6+ Kh7 56. Ke4 a5 57. Kd3 b5 58. f4 Rgc5 0-1

[Event "ESP-ch 83rd"]
[Site "Linares"]
[Date "2018.08.25"]
[Round "6"]
[White "Esquivias Quintero, Luis Manuel"]
[Black "Cruz Ramirez, Nauzet"]
[Result "0-1"]
[WhiteElo "2260"]
[BlackElo "2037"]
[PlyCount "49"]
[EventDate "2018.08.20"]
[EventType "swiss"]
[EventRounds "9"]
[EventCountry "ESP"]
[SourceTitle "CBM 186 Extra"]
[Source "ChessBase"]
[SourceDate "2018.08.24"]
[SourceVersion "1"]
[SourceVersionDate "2018.08.24"]
[SourceQuality "1"]

1. e4 e6 2. d4 d5 3. Nd2 Nf6 4. e5 Nfd7 5. c3 c5 6. Bd3 b5 7. Bxb5 Qb6 8. Qb3 cxd4 9. Bxd7+ Nxd7 10. Qxb6 Nxb6 11. cxd4 Ba6 12. Nf1 Rc8 13. Ne3 Nc4 14. a3 Na5 15. Bd2 Nb3 16. Rd1 Nxd4 17. f4 Be7 18. Ba5 Nb3 19. Bc3 Bxa3 20. Nf3 Bc5 21. Nc2 Bb6 22. Nb4 Bb5 23. Nd4 Bxd4 24. Bxd4 Rc4 25. Bc3 0-1

[Event "Canarias-ch"]
[Site "Santa Cruz de Tenerife"]
[Date "2018.05.13"]
[Round "6"]
[White "Cruz Ramirez, Nauzet"]
[Black "Garcia Blanco, Omar"]
[Result "1/2-1/2"]
[WhiteElo "2011"]
[BlackElo "2314"]
[PlyCount "36"]
[EventDate "2018.05.10"]
[EventType "swiss"]
[EventRounds "6"]
[EventCountry "ESP"]
[SourceTitle "EXT 2022"]
[Source "ChessBase"]
[SourceDate "2021.10.06"]
[SourceVersion "1"]
[SourceVersionDate "2021.10.06"]
[SourceQuality "1"]

1. d4 Nf6 2. c4 d6 3. Nc3 e5 4. d5 Bf5 5. f3 e4 6. g4 Nxg4 7. fxg4 Qh4+ 8. Kd2 e3+ 9. Kxe3 Qg5+ 10. Kf2 Qh4+ 11. Ke3 Qg5+ 12. Kf2 Qh4+ 13. Kg2 Qxg4+ 14. Kf2 Qh4+ 15. Ke3 Qg5+ 16. Kf2 Qh4+ 17. Kg2 Qg4+ 18. Kf2 Qh4+ 1/2-1/2

[Event "Las Palmas Insular-chT Honor 1718"]
[Site "Las Palmas"]
[Date "2018.01.20"]
[Round "6.3"]
[White "Cruz Ramirez, Nauzet"]
[Black "Garcia Padron, Jose"]
[Result "0-1"]
[WhiteElo "2043"]
[BlackElo "2411"]
[PlyCount "72"]
[EventDate "2017.10.28"]
[EventType "team-tourn"]
[EventRounds "9"]
[EventCountry "ESP"]
[SourceTitle "EXT 2019"]
[Source "ChessBase"]
[SourceDate "2018.10.10"]
[SourceVersion "1"]
[SourceVersionDate "2018.10.10"]
[SourceQuality "1"]
[WhiteTeam "Hotel Avda de Canarias"]
[BlackTeam "Villa de Teror"]
[WhiteTeamCountry "ESP"]
[BlackTeamCountry "ESP"]

1. Nf3 d5 2. g3 Nf6 3. Bg2 c6 4. b3 Bg4 5. Bb2 Nbd7 6. c4 e6 7. d3 a5 8. a3 Bd6 9. Nbd2 0-0 10. Qc2 Qe7 11. 0-0 Rfc8 12. e4 dxe4 13. dxe4 e5 14. Rfd1 Rd8 15. Nf1 Bc5 16. Re1 Bxf3 17. Bxf3 Nf8 18. Bg2 Ng4 19. Ne3 Nxe3 20. fxe3 Qg5 21. Qc3 Ng6 22. Rac1 Qe7 23. Ra1 h5 24. Bh3 h4 25. Bf5 hxg3 26. hxg3 Qg5 27. Kh2 Rd6 28. b4 Rad8 29. Bc1 Rd3 30. Qc2 axb4 31. axb4 Bxb4 32. Re2 Nf8 33. c5 Bxc5 34. Bb2 Bxe3 35. Rae1 Rd2 36. Qc4 b5 0-1

[Event "Las Palmas Insular-chT Honor 1718"]
[Site "Las Palmas"]
[Date "2017.11.11"]
[Round "2.4"]
[White "Gonzalez Rodriguez, Jose Fco"]
[Black "Cruz Ramirez, Nauzet"]
[Result "1-0"]
[WhiteElo "1895"]
[BlackElo "2043"]
[PlyCount "63"]
[EventDate "2017.10.28"]
[EventType "team-tourn"]
[EventRounds "9"]
[EventCountry "ESP"]
[SourceTitle "EXT 2019"]
[Source "ChessBase"]
[SourceDate "2018.10.10"]
[SourceVersion "1"]
[SourceVersionDate "2018.10.10"]
[SourceQuality "1"]
[WhiteTeam "Piscolabis Oleaje San Andres"]
[BlackTeam "Hotel Avda de Canarias"]
[WhiteTeamCountry "ESP"]
[BlackTeamCountry "ESP"]

1. c4 Nf6 2. Nc3 c5 3. e4 d6 4. Nf3 b6 5. d4 cxd4 6. Nxd4 Bb7 7. f3 e6 8. Be2 a6 9. Be3 Nbd7 10. Qd2 Rc8 11. 0-0 Be7 12. Rad1 0-0 13. g4 h6 14. Rf2 Nh7 15. f4 Re8 16. Rg2 Nhf8 17. Nf3 Qc7 18. h4 Nc5 19. Qc2 Qb8 20. b4 Ncd7 21. h5 d5 22. g5 hxg5 23. Nxg5 Bxg5 24. Rxg5 dxe4 25. Nxe4 Bxe4 26. Qxe4 Nf6 27. Qg2 g6 28. hxg6 fxg6 29. Rxg6+ Nxg6 30. Qxg6+ Kh8 31. Qxf6+ Kg8 32. Rd7 1-0

[Event "Las Palmas Insular-chT Pref 1617"]
[Site "Las Palmas"]
[Date "2016.10.22"]
[Round "1.4"]
[White "Cruz Ramirez, Nauzet"]
[Black "Morales Quintero, Jose Miguel"]
[Result "1/2-1/2"]
[WhiteElo "1985"]
[BlackElo "1913"]
[PlyCount "66"]
[EventDate "2016.10.22"]
[EventType "team-tourn"]
[EventRounds "14"]
[EventCountry "ESP"]
[SourceTitle "EXT 2018"]
[Source "ChessBase"]
[SourceDate "2017.10.13"]
[SourceVersion "1"]
[SourceVersionDate "2017.10.13"]
[SourceQuality "1"]
[WhiteTeam "Fundacion La Caja de Canarias"]
[BlackTeam "Tres W"]
[WhiteTeamCountry "ESP"]
[BlackTeamCountry "ESP"]

1. d4 Nf6 2. c4 e6 3. g3 c5 4. d5 exd5 5. cxd5 d6 6. Bg2 g6 7. Nf3 Bg7 8. Nc3 0-0 9. 0-0 Na6 10. Nd2 Nc7 11. a4 Nd7 12. f4 f5 13. Qc2 Nf6 14. Rb1 Na6 15. Na2 b6 16. Rd1 Bb7 17. Nc4 Nc7 18. Nc3 Ba6 19. b3 Qe7 20. Bf3 Rfe8 21. Bb2 Bxc4 22. bxc4 Na6 23. Qd2 Nb4 24. Re1 Qd7 25. Ba3 a5 26. Bb2 Rad8 27. Nb5 Ne4 28. Bxe4 Rxe4 29. Bxg7 Qxg7 30. Rbc1 h6 31. Qc3 Rd7 32. Qxg7+ Kxg7 33. Kf2 Kf6 1/2-1/2

[Event "Las Palmas Montalvo Memorial 9th"]
[Site "Las Palmas"]
[Date "2016.03.26"]
[Round "8"]
[White "Cruz Ramirez, Nauzet"]
[Black "Vega Gutierrez, Belinda Vidina"]
[Result "1/2-1/2"]
[WhiteElo "1979"]
[BlackElo "2182"]
[PlyCount "174"]
[EventDate "2016.03.21"]
[EventType "swiss"]
[EventRounds "9"]
[EventCountry "ESP"]
[SourceTitle "CBM 171 Extra"]
[Source "ChessBase"]
[SourceDate "2016.04.26"]
[SourceVersion "1"]
[SourceVersionDate "2016.04.26"]
[SourceQuality "1"]

1. d4 Nf6 2. c4 g6 3. Nc3 d5 4. cxd5 Nxd5 5. e4 Nxc3 6. bxc3 Bg7 7. Nf3 c5 8. Rb1 0-0 9. Be2 b6 10. 0-0 Bb7 11. e5 Nc6 12. Be3 cxd4 13. cxd4 Qd5 14. Qa4 Na5 15. Rbc1 Rac8 16. Bd2 Qe4 17. Rce1 Qc2 18. Bd1 Qxa4 19. Bxa4 Ba6 20. Bxa5 bxa5 21. Rd1 Bxf1 22. Kxf1 e6 23. d5 exd5 24. Rxd5 Rc1+ 25. Ke2 Rb8 26. Nd2 Bf8 27. Rd7 Re8 28. f4 Re7 29. Rd5 Rb7 30. Rxa5 Bb4 31. Ra6 Bxd2 32. Kxd2 Ra1 33. Bc2 Kf8 34. Ra4 Ke7 35. Bb3 Rg1 36. g3 Rg2+ 37. Ke3 Rxh2 38. Ra6 Rb2 39. Bd5 Rd7 40. Bb3 Rb7 41. Bd5 Rc7 42. Bb3 h5 43. Ke4 Re2+ 44. Kf3 Rd2 45. Ke3 Rd8 46. Rf6 Rf8 47. Ra6 Rb8 48. Kf2 Rb6 49. Ra4 a6 50. Kg2 Ra7 51. Kh3 a5 52. Kh4 Rb4 53. Ra3 a4 54. Bd5 Rd4 55. Bg2 Rc7 56. Kg5 Rc2 57. Bh3 Rh2 58. g4 hxg4 59. Bxg4 Rf2 60. Bf3 Rdd2 61. Bc6 Rxa2 62. Rxa4 Rxa4 63. Bxa4 Rg2+ 64. Kh4 Ke6 65. Bb3+ Ke7 66. Bd5 Rg1 67. Bb3 f5 68. exf6+ Kxf6 69. Bc2 Rg2 70. Be4 Rg1 71. Kh3 Ke6 72. Kh2 Rg4 73. Kh3 Rxf4 74. Bxg6 Kf6 75. Be8 Kg5 76. Kg3 Re4 77. Bb5 Re3+ 78. Kf2 Kf4 79. Kf1 Rb3 80. Bc6 Rb2 81. Bd5 Ke3 82. Bc6 Rf2+ 83. Kg1 Rc2 84. Bd5 Rc5 85. Bb7 Rb5 86. Bc6 Rc5 87. Bb7 Rc2 1/2-1/2

[Event "Las Palmas Montalvo Memorial 9th"]
[Site "Las Palmas"]
[Date "2016.03.25"]
[Round "6"]
[White "Lazarev, Vladimir"]
[Black "Cruz Ramirez, Nauzet"]
[Result "1-0"]
[WhiteElo "2383"]
[BlackElo "1979"]
[PlyCount "55"]
[EventDate "2016.03.21"]
[EventType "swiss"]
[EventRounds "9"]
[EventCountry "ESP"]
[SourceTitle "CBM 171 Extra"]
[Source "ChessBase"]
[SourceDate "2016.04.26"]
[SourceVersion "1"]
[SourceVersionDate "2016.04.26"]
[SourceQuality "1"]

1. d4 Nf6 2. c4 e6 3. Nf3 b6 4. a3 a5 5. Nc3 Bb7 6. Qc2 d6 7. e4 Be7 8. Bd3 h6 9. 0-0 0-0 10. e5 Nfd7 11. Be4 Qc8 12. Qe2 Bxe4 13. Qxe4 Na6 14. Qg4 Kh8 15. Bf4 dxe5 16. Nxe5 Nxe5 17. Bxe5 f6 18. Bf4 c5 19. d5 e5 20. Qxc8 Raxc8 21. Be3 f5 22. Rad1 Bd6 23. Nb5 Rcd8 24. Rfe1 Nc7 25. Nxd6 Rxd6 26. Bd2 Re8 27. a4 Re7 28. Bf4 1-0

[Event "Las Palmas Insular-chT Pref"]
[Site "Las Palmas "]
[Date "2016.01.16"]
[Round "9.3"]
[White "Ventura Gonzalez, Francisco"]
[Black "Cruz Ramirez, Nauzet"]
[Result "0-1"]
[WhiteElo "2129"]
[BlackElo "1922"]
[PlyCount "114"]
[EventDate "2015.10.17"]
[EventType "team-tourn"]
[EventRounds "14"]
[EventCountry "ESP"]
[SourceTitle "CBM 170 Extra"]
[Source "ChessBase"]
[SourceDate "2016.02.25"]
[SourceVersion "1"]
[SourceVersionDate "2016.02.25"]
[SourceQuality "1"]
[WhiteTeam "Piscolabis Oleaje San Andres"]
[BlackTeam "La Caja de Canarias"]
[WhiteTeamCountry "ESP"]
[BlackTeamCountry "ESP"]

1. e4 c5 2. Nf3 e6 3. b3 d6 4. Bb2 Nf6 5. e5 dxe5 6. Nxe5 a6 7. Be2 Bd6 8. Bf3 0-0 9. Na3 Bxe5 10. Bxe5 Nbd7 11. Bg3 e5 12. Nc4 e4 13. Be2 Nb6 14. Nd6 Qe7 15. 0-0 Be6 16. Qc1 Rad8 17. Nc4 Nxc4 18. bxc4 Qd7 19. Bf4 Ne8 20. Rb1 Nd6 21. Bxd6 Qxd6 22. d3 Qc6 23. Qb2 Rd7 24. Qb6 Qa4 25. Rb2 Rc8 26. h3 h6 27. Rfb1 Bf5 28. Qb3 Qa5 29. Rd1 Qd8 30. Rbb1 Qg5 31. dxe4 Bxe4 32. Bf3 Bxf3 33. Qxf3 Rcd8 34. Rxd7 Rxd7 35. Rxb7 Rxb7 36. Qxb7 Qc1+ 37. Kh2 Qf4+ 38. Kg1 Qxc4 39. Qc8+ Kh7 40. Qf5+ g6 41. Qd3 Qxa2 42. Kf1 Qe6 43. Qc3 c4 44. Qa5 Qc6 45. f3 h5 46. Ke2 Qd6 47. Qc3 Qd5 48. Ke3 a5 49. g4 hxg4 50. hxg4 a4 51. Qb4 Qe5+ 52. Kd2 Qd5+ 53. Kc1 Qxf3 54. Qxc4 a3 55. Qa4 Qc3 56. Kd1 Qb2 57. Qa7 Kg7 0-1

[Event "Las Palmas Insular-chT Pref"]
[Site "Las Palmas "]
[Date "2015.10.17"]
[Round "1.4"]
[White "Cruz Ramirez, Nauzet"]
[Black "Perez Rosales, Pedro"]
[Result "1/2-1/2"]
[WhiteElo "1922"]
[BlackElo "2044"]
[PlyCount "42"]
[EventDate "2015.10.17"]
[EventType "team-tourn"]
[EventRounds "14"]
[EventCountry "ESP"]
[SourceTitle "CBM 170 Extra"]
[Source "ChessBase"]
[SourceDate "2016.02.25"]
[SourceVersion "1"]
[SourceVersionDate "2016.02.25"]
[SourceQuality "1"]
[WhiteTeam "La Caja de Canarias"]
[BlackTeam "Goya Villa de Teror"]
[WhiteTeamCountry "ESP"]
[BlackTeamCountry "ESP"]

1. d4 d5 2. c4 c6 3. Nc3 e6 4. Nf3 dxc4 5. a4 Bb4 6. g3 Nf6 7. Bg2 0-0 8. 0-0 Nbd7 9. Qc2 a5 10. Rd1 Qe7 11. Na2 e5 12. Nxb4 Qxb4 13. Bd2 Qe7 14. dxe5 Nxe5 15. Nxe5 Qxe5 16. Bf4 Qh5 17. Qxc4 Be6 18. Qc2 Nd5 19. Bf3 Bg4 20. Bxd5 cxd5 21. f3 Be6 1/2-1/2

[Event "Gran Canaria Larsen Memorial 1st"]
[Site "Gran Canaria"]
[Date "2015.09.14"]
[Round "3"]
[White "Cruz Ramirez, Nauzet"]
[Black "Diaz Mendoza, Eladio"]
[Result "1-0"]
[WhiteElo "1843"]
[BlackElo "1552"]
[PlyCount "151"]
[EventDate "2015.09.09"]
[EventType "swiss"]
[EventRounds "7"]
[EventCountry "ESP"]
[SourceTitle "EXT 2016"]
[Source "ChessBase"]
[SourceDate "2015.10.08"]
[SourceVersion "1"]
[SourceVersionDate "2015.10.08"]
[SourceQuality "1"]

1. d4 d5 2. c4 c6 3. Nc3 Bf5 4. Qb3 Qd7 5. cxd5 cxd5 6. Qxd5 Nc6 7. Qxd7+ Bxd7 8. Be3 0-0-0 9. Rc1 Kb8 10. Bf4+ Ka8 11. e3 f6 12. Nf3 e6 13. a3 a6 14. Na4 g5 15. Nb6+ Ka7 16. Nxd7 Rxd7 17. Bg3 h5 18. h4 g4 19. Nd2 Bh6 20. Bc4 e5 21. d5 Nce7 22. e4 Ng6 23. f3 Nf4 24. Bf2+ Ka8 25. Bf1 Ne7 26. Rc3 Rg8 27. fxg4 hxg4 28. g3 Nfg6 29. Nc4 Nc8 30. Bg2 Nge7 31. 0-0 Kb8 32. Rd1 Rf8 33. b4 Na7 34. a4 Nec8 35. Bf1 Rfd8 36. Be2 Rg8 37. Rb3 Nd6 38. Nxd6 Rxd6 39. b5 axb5 40. axb5 b6 41. Be1 Bf8 42. Bc4 Rd7 43. d6 Rgg7 44. Bb4 Nc8 45. Be6 Rxd6 46. Bxd6+ Nxd6 47. Bd5 Nb7 48. Bxb7 Kxb7 49. Rbd3 Bc5+ 50. Kg2 Bd4 51. Rc1 Rf7 52. Rf1 Kc7 53. h5 Kd6 54. Rf5 Kc5 55. Rb3 Kc4 56. Rb1 Bc5 57. h6 Be7 58. Rh1 Rh7 59. Rh4 Kxb5 60. Rfh5 Ka4 61. Rxg4 Bf8 62. Rg6 b5 63. Rxf6 Bb4 64. g4 Bd2 65. g5 b4 66. Rb6 Ka3 67. Kf3 b3 68. Kg4 b2 69. Rh2 Bc1 70. Kf5 Ka2 71. Kg6 Ra7 72. h7 Ra8 73. h8Q Rxh8 74. Rxh8 b1Q 75. Ra8+ Ba3 76. Rxa3+ 1-0

[Event "Gran Canaria Larsen Memorial 1st"]
[Site "Gran Canaria"]
[Date "2015.09.11"]
[Round "2"]
[White "Sanabria Taskila, Daniel Kristia"]
[Black "Cruz Ramirez, Nauzet"]
[Result "1-0"]
[WhiteElo "1600"]
[BlackElo "1843"]
[PlyCount "117"]
[EventDate "2015.09.09"]
[EventType "swiss"]
[EventRounds "7"]
[EventCountry "ESP"]
[SourceTitle "EXT 2016"]
[Source "ChessBase"]
[SourceDate "2015.10.08"]
[SourceVersion "1"]
[SourceVersionDate "2015.10.08"]
[SourceQuality "1"]

1. e4 c5 2. Nf3 e6 3. d4 cxd4 4. c3 Nf6 5. e5 Nd5 6. cxd4 b6 7. Nc3 Nxc3 8. bxc3 Ba6 9. Bxa6 Nxa6 10. Qa4 Nc7 11. 0-0 Be7 12. Rd1 0-0 13. c4 d5 14. exd6 Bxd6 15. Be3 b5 16. Qc2 bxc4 17. Ng5 g6 18. Ne4 Nd5 19. Nxd6 Qxd6 20. Qxc4 Rfc8 21. Qd3 Rc3 22. Qd2 Rac8 23. Rac1 Qa3 24. Rxc3 Nxc3 25. Qc2 Qa6 26. Re1 Nxa2 27. Qe4 Nc3 28. Qe5 Qb5 29. Qxb5 Nxb5 30. Kf1 Kf8 31. Rb1 a6 32. Rb2 Ke7 33. Ke2 Kd6 34. Kf3 Kd5 35. Ra2 Rc6 36. Ra5 f6 37. g4 Kc4 38. Ke4 Nc3+ 39. Kf3 Kb4 40. Rc5 Rxc5 41. dxc5 g5 42. Bd2 Kxc5 43. Bxc3 f5 44. gxf5 exf5 45. Bf6 Kd5 46. Bxg5 Ke5 47. Bf4+ Kf6 48. Bc1 a5 49. Kf4 a4 50. Bb2+ Kg6 51. h4 Kh5 52. Kxf5 Kxh4 53. Bf6+ Kh3 54. Kg5 h6+ 55. Kh5 Kg2 56. f4 Kf3 57. f5 Ke4 58. Kg6 h5 59. Bb2 1-0

[Event "ESP-ch U16"]
[Site "Salobrena"]
[Date "2015.07.22"]
[Round "4"]
[White "Cruz Ramirez, Nauzet"]
[Black "Martinez Lopez, Carlos"]
[Result "1/2-1/2"]
[WhiteElo "1877"]
[BlackElo "1996"]
[PlyCount "101"]
[EventDate "2015.07.20"]
[EventType "swiss"]
[EventRounds "9"]
[EventCountry "ESP"]
[SourceTitle "EXT 2016"]
[Source "ChessBase"]
[SourceDate "2015.10.08"]
[SourceVersion "1"]
[SourceVersionDate "2015.10.08"]
[SourceQuality "1"]

1. Nf3 Nf6 2. g3 g6 3. Bg2 Bg7 4. 0-0 0-0 5. d4 d6 6. c4 Nbd7 7. Nc3 e5 8. e4 a6 9. h3 Rb8 10. a4 a5 11. Be3 Re8 12. Qc2 exd4 13. Nxd4 Nc5 14. Rfe1 Bd7 15. b3 Na6 16. Rad1 Qc8 17. Kh2 Nb4 18. Qc1 Bc6 19. Bh6 Bh8 20. Nd5 Bxd5 21. cxd5 Nd7 22. Bf4 Nc5 23. Qc4 Qd7 24. Re2 Ra8 25. Nf3 f6 26. Nd4 Nba6 27. Bf3 h5 28. h4 Nb4 29. Bg2 Kh7 30. Bh3 Qe7 31. f3 Nba6 32. Qb5 Nb4 33. Bc1 Ra6 34. Qc4 Bg7 35. Bb2 c6 36. Bc3 Rb6 37. Ne6 Nxe6 38. dxe6 d5 39. exd5 cxd5 40. Qd4 Rc6 41. Bxb4 Qxb4 42. Qxb4 axb4 43. Rxd5 f5 44. Rb5 b6 45. Rxb4 Rcxe6 46. Rxe6 Rxe6 47. Bf1 Rd6 48. Bc4 Bc3 49. Rb5 Bd4 50. Kg2 Kg7 51. Bf1 1/2-1/2

[Event "ESP-ch U16"]
[Site "Salobrena"]
[Date "2015.07.22"]
[Round "5"]
[White "Perez Beltran, Jose Maria"]
[Black "Cruz Ramirez, Nauzet"]
[Result "1-0"]
[WhiteElo "2011"]
[BlackElo "1877"]
[PlyCount "99"]
[EventDate "2015.07.20"]
[EventType "swiss"]
[EventRounds "9"]
[EventCountry "ESP"]
[SourceTitle "EXT 2016"]
[Source "ChessBase"]
[SourceDate "2015.10.08"]
[SourceVersion "1"]
[SourceVersionDate "2015.10.08"]
[SourceQuality "1"]

1. e4 c5 2. d4 cxd4 3. c3 Nf6 4. e5 Nd5 5. Nf3 e6 6. cxd4 b6 7. Bd3 Ba6 8. 0-0 Bxd3 9. Qxd3 Nc6 10. Nc3 Nxc3 11. bxc3 d5 12. exd6 Bxd6 13. Qe4 Ne7 14. Bb2 Rc8 15. Rfc1 0-0 16. c4 Re8 17. a4 Nc6 18. Bc3 Bf8 19. Rd1 Qc7 20. Rac1 Qb7 21. Qb1 Nd8 22. Bd2 a5 23. Be3 Qa7 24. Qb5 Nb7 25. Qb3 Red8 26. Ne5 Bd6 27. Nd3 Rf8 28. Rb1 Bc7 29. c5 Qb8 30. g3 Nd8 31. cxb6 Bd6 32. Nc5 Bxc5 33. dxc5 Nb7 34. Rbc1 Rc6 35. Rc2 Qc8 36. Qb5 e5 37. Rdc1 Qe6 38. Qa6 Rb8 39. Bd2 Qc8 40. Qb5 Ra8 41. Be3 h5 42. Qc4 Qf8 43. Qd5 Qe8 44. f4 Rd8 45. Qe4 f6 46. fxe5 fxe5 47. Rf2 Qe6 48. Rf5 Rd5 49. Rxh5 g6 50. Rg5 1-0

[Event "Las Palmas Insular-chT Pref-A"]
[Site "Las Palmas"]
[Date "2015.04.18"]
[Round "14.2"]
[White "Marrero Falcon, Hector Xarach"]
[Black "Cruz Ramirez, Nauzet"]
[Result "0-1"]
[WhiteElo "2033"]
[BlackElo "1783"]
[PlyCount "122"]
[EventDate "2014.11.22"]
[EventType "team-tourn"]
[EventRounds "14"]
[EventCountry "ESP"]
[SourceTitle "EXT 2018"]
[Source "ChessBase"]
[SourceDate "2017.10.13"]
[SourceVersion "1"]
[SourceVersionDate "2017.10.13"]
[SourceQuality "1"]
[WhiteTeam "Anand Iberia II"]
[BlackTeam "Cajacanarias de Vecindario III"]
[WhiteTeamCountry "ESP"]
[BlackTeamCountry "ESP"]

1. c3 Nf6 2. Nf3 c5 3. c4 b6 4. d3 Bb7 5. e4 d6 6. Be2 g6 7. 0-0 Nbd7 8. Re1 Bg7 9. Bf1 0-0 10. h3 Ne8 11. Nc3 Nc7 12. Rb1 a6 13. Nd5 e6 14. Bg5 f6 15. Nxc7 Qxc7 16. Bd2 b5 17. Qc2 b4 18. Rbd1 e5 19. Qc1 f5 20. Bh6 f4 21. Bxg7 Kxg7 22. Be2 h6 23. Rd2 Rf7 24. Qd1 Nf8 25. Kh2 Ne6 26. Rg1 Raf8 27. Ne1 Nd4 28. Bf3 Bc8 29. Nc2 Nc6 30. Bg4 Qa5 31. Bxc8 Rxc8 32. b3 Rcf8 33. Ne1 Qc7 34. Qg4 Qe7 35. h4 Kh7 36. f3 Nd4 37. Rf2 Ne6 38. Rh1 Ng7 39. Kg1 Nh5 40. d4 cxd4 41. Nd3 a5 42. Kh2 Rg7 43. Rc2 Nf6 44. Qh3 Nd7 45. c5 Nxc5 46. Nxc5 dxc5 47. Rhc1 d3 48. Rd2 Rd8 49. Rcd1 Rd4 50. h5 Qd7 51. hxg6+ Rxg6 52. Qxd7+ Rxd7 53. Rxd3 Rd4 54. Rxd4 cxd4 55. Rc1 d3 56. Rd1 Rd6 57. g3 Kg6 58. gxf4 exf4 59. Kh3 Kf6 60. Kh4 Ke5 61. Kg4 Rd8 0-1